La enseñanza de la geografía
Uloženo v:
| Hlavní autor: | |
|---|---|
| Médium: | Kniha |
| Jazyk: | španělština |
| Vydáno: |
Madrid
Visor Libros
1985
|
| Témata: | |
| Tagy: |
Přidat tag
Žádné tagy, Buďte první, kdo vytvoří štítek k tomuto záznamu!
|
MARC
| LEADER | 00000nam a2200000 a 4500 | ||
|---|---|---|---|
| 001 | UCX6859 | ||
| 003 | CL-VaPUC | ||
| 008 | 930826e19850000SP |||||||||||||||||spa|d | ||
| 082 | 0 | 4 | |a 910.7 |b GRA |2 21 |
| 100 | 0 | |a Graves, Norman J |e author |9 323486 | |
| 245 | 1 | 3 | |a La enseñanza de la geografía |
| 300 | |a 219 p | ||
| 942 | |c BK | ||
| 945 | |d 19930826 00:00:00 | ||
| 260 | |a Madrid |b Visor Libros |c 1985 | ||
| 650 | 0 | |a Geografía |9 259346 | |
| 650 | 0 | |a Enseñanza |9 256457 | |
| 650 | 0 | |a Métodos de enseñanza |9 270413 | |
| 583 | |a last modification |c 19930826 00:00:00 |k Rodrigo Vera | ||
| 999 | |c 226800 |d 226798 | ||
| 952 | |0 0 |1 0 |4 0 |6 910_700000000000000_GRA_1985 |7 0 |8 A |9 225413 |a BIBING |b BIBING |d 2019-11-15 |i 2941120 |o 910.7 GRA 1985 |p 2941120 |r 2025-01-20 |w 2019-11-15 |y BK |k GEO | ||